000 00662nam a2200229 4500
003 SEACOMEC
005 20240401131810.0
008 231004b |||||||| |||| 00| 0 eng d
020 _cRs. 180.00
040 _aSEACOMEC
082 _a631.304
_bH154
100 1 _aHajra Choudhury, S. K.
245 1 _aElements of Workshop Technology
_c S. K. Hajra Choudhury, A.K. Hajra Choudhury and Nirjhar Roy
250 _a13th Ed
260 _aMumbai
_bMedia Promoters
_c2005
300 _avol-1
650 _aTechnology
650 _aSpecific techniques; apparatus, equipment, materials
700 1 _aHajra Choudhury, A.K.
700 1 _a Roy, Nirjhar
942 _cBOOK
999 _c65
_d65